| 000 | 00517nam a2200157 a 4500 | ||
|---|---|---|---|
| 001 | 000037979 | ||
| 005 | 20201002031139.0 | ||
| 008 | 130311s2012 dr c 000 0 spa d | ||
| 020 | _a9789945006254 | ||
| 040 |
_aDO-SdBNP _bspa _cBNPHU |
||
| 100 | 1 |
_aMaríñez, Pablo A. _95748 |
|
| 245 | 1 | 0 |
_aEnfoque internacional 1966-1970, de Manuel Tapia Brea. Un comentario / _cPablo A. Maríñez. |
| 260 |
_aSanto Domingo : _bBúho, _c2012. |
||
| 300 |
_a42 p. : _brets. ; _c22 cm. |
||
| 500 | _aIncluye notas al pie de las páginas | ||
| 999 |
_c37469 _d37469 |
||